000 01689nam0a2200325 4500
001 RU\NLR\bibl\868238
005 20260406050739.0
010 _a5-8265-0362-9
_9300
021 _aRU
_b2005-78949
035 _a(NLR Aleph) 000856874
090 _a1515167
_c1515167
100 _a20051108d2005 |||y0rusy50 ca
101 0 _arus
102 _aRU
105 _aa |||||||||
200 1 _aРождение Российской империи
_eучебное пособие для системы высшего и дополнительного образования
_fА.А. Слезин, К.В. Самохин, С.Н. Захарцев
_gМ-во образования и науки Рос. Федерации, Гос. образоват. учреждение высш. проф. образования "Тамбов. гос. техн. ун-т"
210 _aТамбов
_cИзд-во ТГТУ
_d2005
215 _a95 с.
_cил., портр.
_d20
320 _aБиблиогр. в конце тем и в подстроч. прим.
607 _aРоссия
_jУчебные издания для высших учебных заведений
_xИстория
_z18 в.
_9983070
_3RU\NLR\auth\6651999
686 _aТ3(2)464я73
700 1 _4280
_8rus
_7ca
_aСлезин
_bА. А.
_f1964-2023
_gАнатолий Анатольевич
_3RU\NLR\AUTH\776168
_9116123
701 1 _aСамохин
_bК. В.
_gКонстантин Владимирович
_4070
701 1 _aЗахарцев
_bС. Н.
_gСергей Николаевич
_4070
801 0 _aRU
_bNLR
_c20051108
_grcr
801 1 _aRU
_bNLR
_c20051108
830 _aавт. по кн.
942 _cBOOK
980 _aNB